Reframing the International: (Record no. 622660)

MARC details
000 -LEADER
fixed length control field 00532nam a2200193 4500
008 - FIXED-LENGTH DATA ELEMENTS--GENERAL INFORMATION
fixed length control field 260506b |||||||| |||| 00| 0 eng d
020 ## - INTERNATIONAL STANDARD BOOK NUMBER
ISBN 9780415931755
Paper back/Hardbound hbk
041 ## - LANGUAGE CODE
Language code of text/sound track or separate title eng
082 ## - DEWEY DECIMAL CLASSIFICATION NUMBER
Classification number 341 FAL
100 ## - MAIN ENTRY--AUTHOR NAME
Personal name Falk,Richard
245 ## - TITLE STATEMENT
Title Reframing the International:
Sub Title Law, Culture , Politics
Statement of responsibility, etc /Edited by Richard Falk;
260 ## - PUBLICATION, DISTRIBUTION, ETC. (IMPRINT)
Place of publication New York
Name of publisher Routledge
Year of publication 2002
300 ## - PHYSICAL DESCRIPTION
Number of Pages 258p. :
Dimensions 20cm.
504 ## - BIBLIOGRAPHY, ETC. NOTE
Bibliography, etc Includes index
650 ## - SUBJECT ADDED ENTRY--TOPICAL TERM
Topical Term Law of nations
700 ## - ADDED ENTRY--PERSONAL NAME
Personal name Ruiz, Lester Edwin J.
942 ## - ADDED ENTRY ELEMENTS (KOHA)
Koha item type English Books
Holdings
Withdrawn status Lost status Damaged status Not for loan Home library Current library Shelving location Date acquired Full call number Accession Number Price effective from Koha item type
        Anna Centenary Library Anna Centenary Library 4TH FLOOR, A WING 23.08.2010 341 FAL 258861 06.05.2026 English Books

Find us on the map